000 00566nam a22002177a 4500
003 UA-OsUOA
001 46286
007 ta
008 20070612b un ||||| |||| 00| 0 ukr d
100 _aСтаровойтов М.
090 _a94(477)
_bС-11
942 _cSA
040 _aUA-OsUOA
_bukr
_cUA-OsUOA
_dUA-OsUOA
245 _aГолодомор на Луганщині, 1932-1933 роки
300 _aС.7
955 _a0
041 _aukr
080 _a94(477)
773 0 _w46283
650 7 _a9 Географія. Біографії. Історія
_2UDC
999 _c332393
_d332393